000 00778nam a2200241 i 4500
001 bg
100 1 _aBĘZA, Stanisław
245 1 5 _aEine kleine Landeskunde der deutschsprachiger Länder /
_cStanisław Bęza.
250 _aWyd. 5 zm.
260 _aWarszawa :
_bWydawnictwa Szkolne i Pedagogiczne,
_c2004.
300 _a262, [1] s., [14] k. s. kolor., 1 mapa luz. :
_bil., mapy, nuty ;
_c24 cm.
504 _aBibliogr.
650 9 _aJęzyk niemiecki
655 _aPodręczniki
020 _a8302091979
040 _cBPK
041 0 _ager
080 _a811.112.2(07)
920 _a83-02-09197-9
942 _cKS
008 s pl f |000 0 pol
999 _c45049
_d45049
856 _uhttp://koha.tu.koszalin.pl/cgi-bin/koha/opac-detail.pl?biblionumber=45049
_yKatalog online BPK